Vista normal
Vista MARC
Entrada Personal Name
Número de registros utilizados en: 1
001 - CONTROL NUMBER
- control field: 4661
003 - CONTROL NUMBER IDENTIFIER
- control field: OSt
005 - DATE AND TIME OF LATEST TRANSACTION
- control field: 20200720135224.0
008 - FIXED-LENGTH DATA ELEMENTS
- fixed length control field: 170601 a|ac|n|aab||||||||||||a |n|||||||
010 ## - LIBRARY OF CONGRESS CONTROL NUMBER
- LC control number: 2012051180
040 ## - CATALOGING SOURCE
- Original cataloging agency: DLC
- Language of cataloging: spa
- Description conventions: rda
- Transcribing agency: Mx-PuUPA
- Modifying agency: DLC
- Modifying agency: Mx-PuUPA
046 ## - SPECIAL CODED DATES
- Birth date: 19721207
100 1# - HEADING--PERSONAL NAME
- Personal name: Barnett, Alex,
- Dates associated with a name: 1972
372 ## - FIELD OF ACTIVITY
- Field of activity: Astrofísica
374 ## - OCCUPATION
- Occupation: Director
375 ## - GENDER
- Gender: hombre
377 ## - ASSOCIATED LANGUAGE
- Language code: eng
400 1# - SEE FROM TRACING--PERSONAL NAME
- Personal name: Barnett, Alexander,
- Dates associated with a name: 1972
670 ## - SOURCE DATA FOUND
- Source citation: Biblioteca del congreso (Estados Unidos), 13 noviembre 2017:
- Information found: catálogo electrónico:
- Uniform Resource Identifier: https://goo.gl/iE3mdD
670 ## - SOURCE DATA FOUND
- Source citation: Spectral geometry, 2012:
- Information found: ECIP t.p. (Alex H. Barnett) data view (Barmett, Alexander H.; b. Dec. 7, 1972)
670 ## - SOURCE DATA FOUND
- Source citation: Black holes and other space oddities, 2002:
- Information found: t.p. (Alex Barnett) p. [4] of cover (program director of the National Space Centre in England)
670 ## - SOURCE DATA FOUND
- Source citation: E-mail from author, Dec. 11, 2002
- Information found: (no middle initial, name is actually Alexandra Barnett, b. Apr. 13, 1972)
670 ## - SOURCE DATA FOUND
- Source citation: Agujeros negros y otras curiosidades espaciales, 2004:
- Information found: portada (Alex Barnett)